Catálogo - Centro de Recursos para el Aprendizaje y la Investigación

Volver al Sitio - CRAI Biblioteca

Código modelo iberoamericano de ética judicial ; Carta de derechos de las personas ante la justicia en el espacio judicial iberoamericano ; Judicial iberoamericano ; Estatuto del juez iberoamericano ; Acceso de las mujeres a la justicia fundamentación y declaración (Registro nro. 114604)

Detalles MARC
000 -CABECERA
campo de control de longitud fija 00828nam a2200193Ia 4500
001 - NÚMERO DE CONTROL
campo de control 114604
003 - IDENTIFICADOR DEL NÚMERO DE CONTROL
campo de control DR-UNIBE
005 - FECHA Y HORA DE LA ÚLTIMA TRANSACCIÓN
campo de control 20260427134557.0
008 - DATOS DE LONGITUD FIJA--INFORMACIÓN GENERAL
campo de control de longitud fija 260427b2006 cr ||||| |||| 00| 0 spa d
040 ## - FUENTE DE LA CATALOGACIÓN
Centro catalogador/agencia de origen BIBLIOTECA UNIBE
Centro/agencia transcriptor BIBLIOTECA UNIBE
Normas de descripción rda
Lengua de catalogación spa
041 ## - CÓDIGO DE LENGUA
Código de lengua del texto/banda sonora o título independiente spa
082 ## - NÚMERO DE LA CLASIFICACIÓN DECIMAL DEWEY
Número de clasificación F 5823
111 2# - ENTRADA PRINCIPAL--NOMBRE DE CONGRESO/REUNIÓN
Nombre de congreso/reunión o jurisdicción como elemento de entrada Cumbre de Presidentes de Cortes Supremas y Tribunales de Justicia (7º : San José, Costa Rica)
9 (RLIN) 204373
245 0# - MENCIÓN DE TÍTULO
Título Código modelo iberoamericano de ética judicial ; Carta de derechos de las personas ante la justicia en el espacio judicial iberoamericano ; Judicial iberoamericano ; Estatuto del juez iberoamericano ; Acceso de las mujeres a la justicia fundamentación y declaración
260 4# - PUBLICACIÓN, DISTRIBUCIÓN, ETC.
Lugar de publicación, distribución, etc. San José :
Nombre del editor, distribuidor, etc. Poder Judicial,
Fecha de publicación, distribución, etc. 2006
300 4# - DESCRIPCIÓN FÍSICA
Extensión 82 páginas
951 ## - EQUIVALENCIA O REFERENCIA-CRUZADA--NOMBRE GEOGRÁFICO/NOMBRE DE ÁREA [OBSOLETO] [solamente CAN/MARC]
Nombre geográfico 20061022 10:18:00
942 ## - ELEMENTOS DE PUNTO DE ACCESO ADICIONAL (KOHA)
Tipo de ítem Koha Folleto
Fuente del sistema de clasificación o colocación Sistema de Clasificación Decimal Dewey
Existencias
Estado de retiro Estado de pérdida Fuente del sistema de clasificación o colocación Estado dañado No para préstamo Código de colección Localización permanente Fecha de adquisición Total de préstamos Signatura topográfica completa Código de barras Fecha visto por última vez Número de copia Precio válido a partir de Tipo de ítem Koha
  Disponible Sistema de Clasificación Decimal Dewey     Folletos Biblioteca Central UNIBE 01/01/2026   F 5823 F250193 27/04/2026 Ej. 1 27/04/2026 Folleto